000
00246nam a22000977a 4500
999
_c
11315
_d
11315
008
190219b ||||| |||| 00| 0 eng d
020
_a
1841261971
100
_a
Barth
_9
7056
245
_a
Learning Volleyball
260
_a
USA
_b
Meyer & Meyer Sport
_c
2007